Sports Quiz

Random Sports or Baseball Quiz

Baseball Blitz Quiz Stats

 Plays Quiz Updated Mar 21, 2018

Challenge
Share
Tweet
Embed
Score 0/40 Timer 04:00
3 Plays Today
Category Answer % Correct
Defensive PositionsPitcher, Catcher...
96.9%
AL East team namesYankees, Red Sox...
96.3%
4,000+ strikeouts pitchersNolan Ryan, Randy Johnson...
91%
NL Central team namesCardinals, Cubs...
88.6%
AL West team namesAngels, A's...
88.4%
600+ home run hittersBarry Bonds, Hank Aaron...
87.7%
NL East team namesMets, Phillies...
87.1%
Teams with no World Series titleRangers, Rays...
86.1%
AL Central team namesTigers, White Sox...
85.6%
Yankee CaptainsDerek Jeter, Don Mattingly...
85.5%
.400 hitters (20th century)Ted Williams, Ty Cobb...
84.7%
Season 50+ HRs since 2005Alex Rodriguez, Prince Fielder...
84.3%
AL East stadiumsYankee Stadium, Fenway Park...
82.4%
Home Run Derby winners (2000-2009)Prince Fielder, Justin Morneau...
81.4%
Team names that don't end in 'S'Red Sox, White Sox
79.5%
World Series MVPs (2000-2009)Hideki Matsui, Cole Hamels...
79.3%
Players with 800+ Stolen BasesRickey Henderson, Lou Brock...
78.4%
Multiple Cy Young Award winnersRoger Clemens, Randy Johnson...
77.8%
3+ Most Valuable PlayerBarry Bonds, Yogi Berra...
73.2%
Dodger hall of famersJackie Robinson, Don Drysdale...
71.4%
Category Answer % Correct
NL West stadiumsChase Field, Dodger Stadium...
69.8%
1990s Home Run Derby winnersKen Griffey, Jr, Tino Martinez...
69.8%
Left-handed perfect game pitchersDallas Braden, Mark Buehrle...
69.7%
300-win pitchers since 1990Greg Maddux, Roger Clemens...
66.7%
NL West team namesDodgers, Giants...
64.8%
NL East stadiumsSunTrust Park, Citi Field...
63.2%
3,000+ hits pre-1970Ty Cobb, Stan Musial...
58.6%
Red Sox hall of famersCy Young, Jimmy Collins...
57.3%
1990s World Series MVPsMariano Rivera, Scott Brosius...
54.4%
15+ All-Star Game appearancesHank Aaron, Willie Mays...
52.2%
Managers with 2,000+ winsJoe Torre, Bobby Cox...
49.1%
AL West stadiumsAngel Stadium of Anaheim, Safeco Field...
49%
NL Central stadiumsWrigley Field, Busch Stadium...
43.9%
Reached 3,000 hits after year 2000Rafael Palmeiro, Rickey Henderson...
43.8%
AL Central stadiumsComerica Park, Progressive Field...
43.5%
Season 250+ hits Ichiro Suzuki, Rogers Hornbsy...
39.9%
2,000+ RBIsHank Aaron, Babe Ruth, A-Rod...
39.6%
Triple-A team namesMud Hens, Isotopes...
39.4%
10+ Gold Glove winnersGreg Maddux, Ivan Rodriguez...
37%
1980s World Series MVPsDave Stewart, Orel Hershiser...
31.4%

You're not logged in!

Compare scores with friends on all Sporcle quizzes.
Join for Free
OR
Log In

You Might Also Like...

Show Comments

Extras

Top Quizzes Today


Score Distribution

Your Account Isn't Verified!

In order to create a playlist on Sporcle, you need to verify the email address you used during registration. Go to your Sporcle Settings to finish the process.

Report this User

Report this user for behavior that violates our Community Guidelines.

Details: